[Event "DVM U20w 2018"]
[Site "Osnabrück GER"]
[Date "2018.12.27"]
[Round "1"]
[White "Simon, Tessa"]
[Black "Li, Zhuoling"]
[Result "0-1"]
[Termination "normal"]
[Board "1.1"]
[BlackTitle "WFM"]
[WhiteElo "1929"]
[BlackElo "2076"]
[WhiteClock "00:16:55"]
[BlackClock "00:07:10"]
[WhiteTeam "Muldental Wilkau-Haßlau"]
[BlackTeam "SV Stuttgart-Wolfbusch"]
[PlyCount "92"]
[WhiteFideId "12929395"]
[BlackFideId "8605629"]
[EventCountry "GER"]
[EventRounds "7"]
[EventType "team-swiss"]
[EventDate "2018.12.26"]

1. e4 {[%clk 1:30:58]} c5 {[%clk 1:30:53]} 2. Nf3 {[%clk 1:31:22]} e6 {[%clk
1:31:08]} 3. d4 {[%clk 1:31:37]} cxd4 {[%clk 1:31:33]} 4. Nxd4 {[%clk 1:32:00]}
Nc6 {[%clk 1:31:59]} 5. Nc3 {[%clk 1:32:02]} Qc7 {[%clk 1:32:19]} 6. Be2 {[%clk
1:31:42]} a6 {[%clk 1:32:33]} 7. O-O {[%clk 1:30:43]} Nf6 {[%clk 1:31:49]} 8.
Be3 {[%clk 1:29:47]} Bb4 {[%clk 1:31:55]} 9. Na4 {[%clk 1:27:54]} Be7 {[%clk
1:26:08]} 10. Bd3 {[%clk 1:16:49]} b5 11. Nxc6 {[%clk 1:11:05]} Qxc6 {[%clk
1:05:51]} 12. Nb6 {[%clk 1:08:52]} Rb8 {[%clk 1:06:15]} 13. Nxc8 Rxc8 {[%clk
1:05:35]} 14. e5 {[%clk 1:07:09]} Nd5 15. Qg4 {[%clk 0:59:01]} g6 {[%clk
0:58:57]} 16. Bh6 {[%clk 0:53:33]} Qc5 {[%clk 0:36:05]} 17. c3 {[%clk 0:51:41]}
Bf8 {[%clk 0:33:10]} 18. Qh4 {[%clk 0:51:46]} Bxh6 {[%clk 0:19:44]} 19. Qxh6
Qf8 {[%clk 0:19:11]} 20. Qg5 {[%clk 0:50:11]} Qe7 {[%clk 0:17:59]} 21. Qg3
{[%clk 0:50:06]} O-O {[%clk 0:14:27]} 22. Rfe1 Rc5 {[%clk 0:14:11]} 23. Re4
{[%clk 0:39:52]} f5 {[%clk 0:12:04]} 24. Rd4 a5 {[%clk 0:11:25]} 25. a4 {[%clk
0:19:22]} b4 {[%clk 0:11:40]} 26. cxb4 Nxb4 {[%clk 0:10:47]} 27. Rd1 {[%clk
0:06:30]} Nc6 28. Rc4 {[%clk 0:04:09]} Nxe5 {[%clk 0:10:45]} 29. Rxc5 {[%clk
0:03:59]} Qxc5 {[%clk 0:07:51]} 30. Bb5 {[%clk 0:01:54]} d6 {[%clk 0:03:17]}
31. h4 {[%clk 0:01:13]} Rd8 32. Qg5 {[%clk 0:01:15]} Nf7 {[%clk 0:02:23]} 33.
Qg3 d5 {[%clk 0:02:08]} 34. h5 {[%clk 0:00:57]} Kg7 {[%clk 0:02:14]} 35. b3 d4
36. hxg6 {[%clk 0:00:35]} hxg6 {[%clk 0:02:43]} 37. Re1 {[%clk 0:00:51]} Qd6
{[%clk 0:02:58]} 38. Qd3 e5 {[%clk 0:03:03]} 39. Rc1 {[%clk 0:00:50]} e4 {[%clk
0:01:40]} 40. Qd2 {[%clk 0:30:04]} Rh8 {[%clk 0:22:08]} 41. g3 {[%clk 0:25:25]}
e3 {[%clk 0:10:40]} 42. Qe2 Qd5 43. f3 {[%clk 0:24:17]} Ne5 {[%clk 0:09:27]}
44. Rf1 {[%clk 0:23:34]} Rc8 45. Kg2 {[%clk 0:17:58]} Qxb3 {[%clk 0:08:41]} 46.
Kg1 {[%clk 0:16:55]} Rc2 {[%clk 0:07:10]} 0-1

[Event "DVM U20w 2018"]
[Site "Osnabrück GER"]
[Date "2018.12.27"]
[Round "1"]
[White "Ley, Sabrina"]
[Black "Moses, Selina"]
[Result "1-0"]
[Termination "normal"]
[Board "1.2"]
[WhiteElo "1829"]
[BlackElo "1922"]
[WhiteClock "00:01:48"]
[BlackClock "00:02:19"]
[WhiteTeam "SV Stuttgart-Wolfbusch"]
[BlackTeam "Muldental Wilkau-Haßlau"]
[PlyCount "107"]
[WhiteFideId "12938130"]
[BlackFideId "12908070"]
[EventCountry "GER"]
[EventRounds "7"]
[EventType "team-swiss"]
[EventDate "2018.12.26"]

1. e4 {[%clk 1:30:58]} c5 {[%clk 1:30:55]} 2. Nc3 {[%clk 1:31:25]} Nc6 {[%clk
1:31:21]} 3. Bb5 {[%clk 1:31:51]} Nd4 {[%clk 1:31:42]} 4. Bc4 {[%clk 1:32:17]}
e6 {[%clk 1:32:03]} 5. Nge2 {[%clk 1:32:37]} Nf6 {[%clk 1:30:54]} 6. O-O {[%clk
1:32:36]} a6 {[%clk 1:31:16]} 7. a4 {[%clk 1:32:31]} d5 {[%clk 1:25:35]} 8.
exd5 exd5 {[%clk 1:26:01]} 9. Ba2 {[%clk 1:33:18]} Ne6 {[%clk 1:08:21]} 10. d3
{[%clk 1:31:12]} Be7 {[%clk 1:06:06]} 11. Ng3 {[%clk 1:28:26]} Nc7 {[%clk
0:51:07]} 12. h3 {[%clk 1:18:36]} O-O {[%clk 0:49:57]} 13. Qf3 {[%clk 1:12:22]}
d4 {[%clk 0:40:07]} 14. Nce2 {[%clk 0:59:31]} Nfd5 {[%clk 0:38:45]} 15. Nf5
{[%clk 0:49:23]} Bf6 {[%clk 0:31:59]} 16. Neg3 {[%clk 0:43:01]} Nb4 {[%clk
0:25:40]} 17. Bb3 {[%clk 0:22:46]} Be6 {[%clk 0:23:22]} 18. Ne4 {[%clk
0:20:51]} Bxb3 {[%clk 0:16:43]} 19. cxb3 {[%clk 0:20:20]} Be7 {[%clk 0:16:01]}
20. Bf4 {[%clk 0:16:24]} Ncd5 {[%clk 0:07:56]} 21. Qg3 {[%clk 0:12:02]} g6
{[%clk 0:07:09]} 22. Nxe7+ {[%clk 0:09:52]} Qxe7 {[%clk 0:05:40]} 23. Bd6
{[%clk 0:09:25]} Qd8 {[%clk 0:04:39]} 24. Bxf8 {[%clk 0:06:55]} Qxf8 {[%clk
0:05:04]} 25. Rac1 {[%clk 0:06:04]} b6 {[%clk 0:04:47]} 26. Rfe1 {[%clk
0:04:27]} Re8 {[%clk 0:03:49]} 27. Kf1 {[%clk 0:02:27]} Re6 {[%clk 0:02:36]}
28. Ng5 {[%clk 0:01:38]} Re7 {[%clk 0:02:43]} 29. Rxe7 {[%clk 0:01:31]} Qxe7
{[%clk 0:03:09]} 30. Re1 {[%clk 0:01:29]} Qf6 {[%clk 0:02:54]} 31. Re8+ {[%clk
0:00:48]} Kg7 {[%clk 0:03:13]} 32. Ne4 {[%clk 0:00:54]} Qf4 {[%clk 0:01:33]}
33. Qxf4 {[%clk 0:01:23]} Nxf4 {[%clk 0:01:57]} 34. Rb8 {[%clk 0:00:43]} Nfd5
{[%clk 0:02:05]} 35. Ke2 {[%clk 0:01:00]} h6 {[%clk 0:02:21]} 36. g3 {[%clk
0:01:19]} Nc6 {[%clk 0:01:37]} 37. Ra8 {[%clk 0:00:51]} Ndb4 {[%clk 0:01:28]}
38. Nd2 {[%clk 0:00:47]} Na5 {[%clk 0:01:01]} 39. Rb8 {[%clk 0:00:53]} Nd5
{[%clk 0:01:22]} 40. Rd8 {[%clk 0:01:10]} Nb4 {[%clk 0:00:48]} 41. Rd6 {[%clk
0:00:38]} Nac6 {[%clk 0:29:41]} 42. Nc4 {[%clk 0:27:30]} b5 {[%clk 0:28:03]}
43. axb5 {[%clk 0:19:00]} axb5 {[%clk 0:28:27]} 44. Nd2 {[%clk 0:18:15]} Ne5
{[%clk 0:23:32]} 45. Rb6 {[%clk 0:15:36]} Nexd3 {[%clk 0:23:44]} 46. Rxb5
{[%clk 0:15:23]} Nc1+ {[%clk 0:17:43]} 47. Kf1 {[%clk 0:09:24]} Ncd3 {[%clk
0:16:08]} 48. Ne4 {[%clk 0:07:52]} Nxb2 {[%clk 0:15:39]} 49. Rxb4 {[%clk
0:06:36]} cxb4 {[%clk 0:05:42]} 50. Ke2 {[%clk 0:07:00]} f5 {[%clk 0:05:30]}
51. Nc5 {[%clk 0:04:15]} Kf6 {[%clk 0:03:39]} 52. Kd2 {[%clk 0:02:27]} Ke5
{[%clk 0:03:43]} 53. Kc2 {[%clk 0:01:59]} Kd6 {[%clk 0:02:19]} 54. Na6 {[%clk
0:01:48]} 1-0

[Event "DVM U20w 2018"]
[Site "Osnabrück GER"]
[Date "2018.12.27"]
[Round "1"]
[White "Von Jan, Lena"]
[Black "Kobald, Jacqueline"]
[Result "0-1"]
[Termination "normal"]
[Board "1.3"]
[WhiteElo "1520"]
[BlackElo "1797"]
[WhiteClock "00:00:38"]
[BlackClock "00:01:27"]
[WhiteTeam "Muldental Wilkau-Haßlau"]
[BlackTeam "SV Stuttgart-Wolfbusch"]
[PlyCount "62"]
[WhiteFideId "12946060"]
[BlackFideId "12988162"]
[EventCountry "GER"]
[EventRounds "7"]
[EventType "team-swiss"]
[EventDate "2018.12.26"]

1. e4 {[%clk 1:30:57]} c5 {[%clk 1:30:53]} 2. Nf3 {[%clk 1:31:20]} e6 {[%clk
1:31:04]} 3. c3 {[%clk 1:31:22]} Nf6 {[%clk 1:30:31]} 4. e5 {[%clk 1:31:03]}
Nd5 {[%clk 1:30:52]} 5. g3 {[%clk 1:30:02]} d6 {[%clk 1:24:37]} 6. exd6 {[%clk
1:28:12]} Bxd6 {[%clk 1:23:50]} 7. Bg2 {[%clk 1:28:00]} O-O {[%clk 1:19:30]} 8.
O-O {[%clk 1:27:17]} Nc6 {[%clk 1:15:51]} 9. d4 {[%clk 1:24:06]} cxd4 {[%clk
1:09:12]} 10. Nxd4 {[%clk 1:23:35]} Bc5 {[%clk 1:00:37]} 11. Nxc6 bxc6 {[%clk
1:01:00]} 12. Qc2 {[%clk 0:54:35]} Qb6 {[%clk 0:50:28]} 13. Re1 {[%clk
0:39:58]} a5 {[%clk 0:44:55]} 14. Be4 {[%clk 0:29:31]} Nf6 {[%clk 0:37:09]} 15.
Bf3 {[%clk 0:25:22]} h6 {[%clk 0:32:54]} 16. Be3 {[%clk 0:24:08]} Bxe3 {[%clk
0:30:15]} 17. Rxe3 {[%clk 0:23:46]} Ba6 {[%clk 0:26:19]} 18. Nd2 {[%clk
0:21:09]} Rfd8 {[%clk 0:19:48]} 19. Nb3 {[%clk 0:17:46]} Rab8 {[%clk 0:17:47]}
20. Rb1 {[%clk 0:14:20]} Bc4 {[%clk 0:14:07]} 21. Nc1 {[%clk 0:13:14]} Rd6
{[%clk 0:12:48]} 22. Be2 {[%clk 0:10:47]} Bxe2 {[%clk 0:11:50]} 23. Rxe2 {[%clk
0:08:50]} Rbd8 {[%clk 0:11:47]} 24. Nb3 {[%clk 0:08:03]} R8d7 {[%clk 0:08:21]}
25. Rf1 {[%clk 0:04:03]} Qd8 {[%clk 0:05:18]} 26. Nc5 {[%clk 0:03:31]} Rd2
{[%clk 0:03:40]} 27. Rxd2 {[%clk 0:03:19]} Rxd2 {[%clk 0:04:05]} 28. Nb7 {[%clk
0:02:46]} Qd5 {[%clk 0:02:12]} 29. Qc1 {[%clk 0:01:23]} Ng4 {[%clk 0:01:30]}
30. f3 {[%clk 0:00:41]} Nxh2 {[%clk 0:01:05]} 31. Rf2 {[%clk 0:00:38]} Rd1+
{[%clk 0:01:27]} 0-1

[Event "DVM U20w 2018"]
[Site "Osnabrück GER"]
[Date "2018.12.27"]
[Round "1"]
[White "Liu, Sijia Anna"]
[Black "Wagner, Julia"]
[Result "1-0"]
[Termination "normal"]
[Board "1.4"]
[WhiteElo "1607"]
[BlackElo "1276"]
[WhiteClock "00:35:15"]
[BlackClock "00:29:27"]
[WhiteTeam "SV Stuttgart-Wolfbusch"]
[BlackTeam "Muldental Wilkau-Haßlau"]
[PlyCount "97"]
[WhiteFideId "12989746"]
[BlackFideId "16259351"]
[EventCountry "GER"]
[EventRounds "7"]
[EventType "team-swiss"]
[EventDate "2018.12.26"]

1. e4 {[%clk 1:30:52]} d6 {[%clk 1:30:52]} 2. d4 {[%clk 1:30:47]} Nf6 {[%clk
1:31:03]} 3. Nc3 {[%clk 1:30:42]} g6 {[%clk 1:31:07]} 4. f4 {[%clk 1:28:22]}
Bg7 {[%clk 1:30:19]} 5. Be2 {[%clk 1:27:05]} O-O {[%clk 1:28:50]} 6. Nf3 {[%clk
1:25:48]} c6 {[%clk 1:25:14]} 7. a4 {[%clk 1:23:46]} Nfd7 {[%clk 1:19:50]} 8.
O-O {[%clk 1:20:42]} a5 {[%clk 1:13:42]} 9. Be3 {[%clk 1:12:01]} Qc7 {[%clk
1:10:05]} 10. Qe1 {[%clk 1:10:07]} e5 {[%clk 1:02:33]} 11. dxe5 {[%clk
1:06:12]} dxe5 {[%clk 1:02:35]} 12. f5 {[%clk 1:02:00]} Nf6 {[%clk 0:59:19]}
13. Nh4 {[%clk 0:59:29]} Na6 {[%clk 0:55:42]} 14. Qg3 {[%clk 0:53:01]} Nb4
{[%clk 0:52:15]} 15. Rac1 {[%clk 0:51:14]} b6 {[%clk 0:49:38]} 16. Bc4 {[%clk
0:49:20]} Ba6 {[%clk 0:43:59]} 17. Bxa6 {[%clk 0:42:37]} Nxa6 {[%clk 0:40:56]}
18. Nf3 {[%clk 0:39:01]} Nd7 {[%clk 0:37:01]} 19. Qh4 {[%clk 0:34:11]} Qd8
{[%clk 0:32:01]} 20. Bg5 {[%clk 0:31:37]} f6 {[%clk 0:24:02]} 21. Be3 {[%clk
0:27:20]} Rb8 {[%clk 0:22:27]} 22. Qg4 {[%clk 0:25:20]} g5 {[%clk 0:17:35]} 23.
h4 {[%clk 0:22:51]} h6 {[%clk 0:15:13]} 24. Rcd1 {[%clk 0:19:23]} Qe8 {[%clk
0:13:27]} 25. Rd6 {[%clk 0:18:53]} Ndc5 {[%clk 0:11:18]} 26. hxg5 {[%clk
0:14:53]} hxg5 {[%clk 0:10:45]} 27. Nxg5 {[%clk 0:11:06]} fxg5 {[%clk 0:07:57]}
28. Qxg5 {[%clk 0:11:20]} Rd8 {[%clk 0:04:51]} 29. Rg6 {[%clk 0:10:39]} Rf7
{[%clk 0:04:34]} 30. f6 {[%clk 0:10:05]} Ne6 {[%clk 0:03:10]} 31. Qh5 {[%clk
0:07:27]} Kf8 {[%clk 0:01:30]} 32. Rxg7 {[%clk 0:05:58]} Rxg7 {[%clk 0:01:23]}
33. fxg7+ {[%clk 0:05:46]} Kxg7 {[%clk 0:01:34]} 34. Qh6+ {[%clk 0:04:54]} Kg8
{[%clk 0:01:43]} 35. Rf6 {[%clk 0:04:50]} Rd7 {[%clk 0:01:21]} 36. Rxe6 {[%clk
0:04:42]} Qf8 {[%clk 0:00:48]} 37. Rg6+ {[%clk 0:04:29]} Rg7 {[%clk 0:00:56]}
38. Rxg7+ {[%clk 0:04:30]} Qxg7 {[%clk 0:01:19]} 39. Qxg7+ {[%clk 0:04:57]}
Kxg7 {[%clk 0:01:43]} 40. Bxb6 {[%clk 0:05:10]} Nb4 {[%clk 0:01:25]} 41. Bxa5
Nxc2 {[%clk 0:01:16]} 42. Bc7 {[%clk 0:04:29]} Kf6 {[%clk 0:01:13]} 43. a5
{[%clk 0:04:18]} Nb4 {[%clk 0:01:32]} 44. Bd6 {[%clk 0:04:07]} Na6 {[%clk
0:01:21]} 45. b4 {[%clk 0:03:46]} Ke6 {[%clk 0:01:13]} 46. Bc5 {[%clk 0:03:55]}
Kf6 {[%clk 0:30:38]} 47. Kf2 {[%clk 0:35:01]} Kg5 {[%clk 0:29:48]} 48. Kg3
{[%clk 0:35:08]} Nc7 {[%clk 0:29:27]} 49. Bd6 {[%clk 0:35:15]} 1-0

[Event "DVM U20w 2018"]
[Site "Osnabrück GER"]
[Date "2018.12.27"]
[Round "1"]
[White "Rosmait, Emily"]
[Black "Klenk, Sofie"]
[Result "0-1"]
[Termination "normal"]
[Board "2.1"]
[WhiteElo "1911"]
[BlackElo "1810"]
[WhiteClock "00:05:37"]
[BlackClock "00:22:19"]
[WhiteTeam "TuRa Harksheide von 1945 Norderstedt"]
[BlackTeam "SC Bavaria Regensburg"]
[PlyCount "86"]
[WhiteFideId "12937754"]
[BlackFideId "12996653"]
[EventCountry "GER"]
[EventRounds "7"]
[EventType "team-swiss"]
[EventDate "2018.12.26"]

1. e4 {[%clk 1:30:58]} c5 {[%clk 1:30:51]} 2. Nc3 {[%clk 1:31:15]} Nc6 {[%clk
1:31:16]} 3. g3 {[%clk 1:31:34]} g6 {[%clk 1:31:42]} 4. Bg2 {[%clk 1:32:01]}
Bg7 {[%clk 1:32:06]} 5. d3 {[%clk 1:32:23]} d6 {[%clk 1:32:32]} 6. f4 {[%clk
1:31:37]} e6 {[%clk 1:32:02]} 7. Nf3 {[%clk 1:31:53]} Nge7 {[%clk 1:32:23]} 8.
Be3 {[%clk 1:31:32]} Nd4 {[%clk 1:26:26]} 9. O-O {[%clk 1:31:10]} O-O {[%clk
1:26:28]} 10. e5 {[%clk 1:16:02]} Nef5 {[%clk 1:10:17]} 11. Bf2 {[%clk
1:16:16]} Nxf3+ 12. Bxf3 {[%clk 1:16:33]} Nd4 {[%clk 1:04:34]} 13. Bg2 {[%clk
1:15:36]} dxe5 {[%clk 0:58:34]} 14. fxe5 {[%clk 1:15:09]} Bxe5 {[%clk 0:57:45]}
15. Ne4 {[%clk 1:14:55]} Qc7 {[%clk 0:42:06]} 16. c3 {[%clk 1:10:27]} Nf5
{[%clk 0:40:48]} 17. Nxc5 {[%clk 1:01:42]} Rb8 {[%clk 0:30:58]} 18. d4 {[%clk
0:57:54]} b6 {[%clk 0:16:32]} 19. dxe5 {[%clk 0:42:26]} bxc5 {[%clk 0:16:52]}
20. Qe2 {[%clk 0:36:14]} Bb7 {[%clk 0:12:53]} 21. Bxb7 Rxb7 {[%clk 0:13:21]}
22. b3 {[%clk 0:28:40]} Qc6 {[%clk 0:10:08]} 23. Rad1 {[%clk 0:24:09]} h5
{[%clk 0:10:31]} 24. Rd2 {[%clk 0:21:39]} a5 {[%clk 0:10:12]} 25. Qc4 {[%clk
0:19:38]} Rc8 {[%clk 0:08:40]} 26. Rfd1 {[%clk 0:17:53]} Kg7 {[%clk 0:08:58]}
27. Qf4 {[%clk 0:10:41]} Rcc7 {[%clk 0:06:47]} 28. Qc4 {[%clk 0:05:50]} Rc8
{[%clk 0:06:04]} 29. g4 {[%clk 0:05:13]} hxg4 {[%clk 0:05:57]} 30. Qxg4 {[%clk
0:05:36]} Rh8 {[%clk 0:05:34]} 31. Qg5 {[%clk 0:05:07]} Rh5 {[%clk 0:03:52]}
32. Qf6+ {[%clk 0:03:28]} Kh7 {[%clk 0:04:17]} 33. Rd8 {[%clk 0:02:37]} Ng7
{[%clk 0:04:37]} 34. c4 {[%clk 0:01:06]} Rf5 {[%clk 0:04:01]} 35. Qh4+ {[%clk
0:01:07]} Nh5 {[%clk 0:04:17]} 36. R8d3 {[%clk 0:00:49]} Rxe5 {[%clk 0:03:33]}
37. Bg3 {[%clk 0:00:47]} Re2 {[%clk 0:02:56]} 38. Qh3 {[%clk 0:00:47]} Qe4
{[%clk 0:02:36]} 39. Qf1 {[%clk 0:00:32]} Rxa2 {[%clk 0:01:06]} 40. Rd7 {[%clk
0:00:35]} Rxd7 {[%clk 0:01:15]} 41. Rxd7 {[%clk 0:30:32]} Nxg3 42. hxg3 {[%clk
0:05:23]} Qe3+ {[%clk 0:21:59]} 43. Kh1 {[%clk 0:05:37]} Qh6+ {[%clk 0:22:19]}
0-1

[Event "DVM U20w 2018"]
[Site "Osnabrück GER"]
[Date "2018.12.27"]
[Round "1"]
[White "Pavlov, Liliane"]
[Black "Köhler, Inken"]
[Result "1/2-1/2"]
[Termination "normal"]
[Board "2.2"]
[WhiteElo "1715"]
[BlackElo "1968"]
[WhiteClock "00:01:54"]
[BlackClock "00:01:21"]
[WhiteTeam "SC Bavaria Regensburg"]
[BlackTeam "TuRa Harksheide von 1945 Norderstedt"]
[PlyCount "143"]
[WhiteFideId "16225449"]
[BlackFideId "12929301"]
[EventCountry "GER"]
[EventRounds "7"]
[EventType "team-swiss"]
[EventDate "2018.12.26"]

1. d4 {[%clk 1:30:56]} d5 {[%clk 1:30:51]} 2. Nc3 {[%clk 1:31:16]} e6 {[%clk
1:31:10]} 3. a3 {[%clk 1:31:02]} c5 {[%clk 1:30:35]} 4. Nf3 {[%clk 1:26:31]}
Nc6 {[%clk 1:29:03]} 5. Bf4 {[%clk 1:13:21]} Nf6 {[%clk 1:13:22]} 6. e3 {[%clk
1:11:57]} a6 {[%clk 1:08:15]} 7. Be2 {[%clk 1:04:21]} Bd7 {[%clk 1:02:08]} 8.
Ne5 {[%clk 0:52:28]} cxd4 {[%clk 0:57:14]} 9. Nxc6 {[%clk 0:50:05]} bxc6 {[%clk
0:56:38]} 10. exd4 {[%clk 0:49:50]} c5 {[%clk 0:55:23]} 11. Rb1 {[%clk
0:37:58]} Qb6 {[%clk 0:51:03]} 12. Be3 {[%clk 0:35:24]} cxd4 {[%clk 0:46:55]}
13. Qxd4 {[%clk 0:32:17]} Qxd4 {[%clk 0:46:13]} 14. Bxd4 {[%clk 0:32:37]} Bd6
{[%clk 0:46:33]} 15. f3 {[%clk 0:28:46]} e5 {[%clk 0:38:07]} 16. Bf2 {[%clk
0:28:48]} Bc6 {[%clk 0:33:48]} 17. O-O {[%clk 0:26:16]} d4 {[%clk 0:32:05]} 18.
Na2 {[%clk 0:26:20]} Nd5 {[%clk 0:30:59]} 19. Rfe1 {[%clk 0:22:46]} O-O {[%clk
0:27:23]} 20. Bd3 {[%clk 0:20:29]} a5 {[%clk 0:24:03]} 21. b4 {[%clk 0:16:56]}
Nf4 {[%clk 0:14:24]} 22. Bc4 {[%clk 0:13:57]} Rfc8 {[%clk 0:11:25]} 23. Nc1
{[%clk 0:11:00]} Bxf3 {[%clk 0:10:00]} 24. Bf1 {[%clk 0:05:07]} Bd5 {[%clk
0:09:08]} 25. Rb2 {[%clk 0:05:04]} Rc3 {[%clk 0:06:47]} 26. g3 {[%clk 0:03:00]}
Ne6 {[%clk 0:06:35]} 27. Nd3 {[%clk 0:02:16]} f6 {[%clk 0:04:03]} 28. b5 {[%clk
0:02:01]} Bxa3 {[%clk 0:03:59]} 29. Rbb1 {[%clk 0:02:11]} Rxc2 {[%clk 0:03:59]}
30. b6 {[%clk 0:01:39]} Rb8 {[%clk 0:03:52]} 31. Rb5 {[%clk 0:01:19]} Bc4
{[%clk 0:01:40]} 32. Rxa5 {[%clk 0:01:08]} Bf8 {[%clk 0:01:43]} 33. Rb1 {[%clk
0:01:13]} e4 {[%clk 0:01:24]} 34. Ne1 {[%clk 0:00:49]} Rc3 {[%clk 0:01:33]} 35.
b7 {[%clk 0:00:58]} e3 {[%clk 0:01:14]} 36. Bxe3 {[%clk 0:00:57]} dxe3 {[%clk
0:01:39]} 37. Ra8 {[%clk 0:01:20]} Bd6 {[%clk 0:01:55]} 38. Bxc4 {[%clk
0:01:00]} Rxc4 {[%clk 0:02:17]} 39. Rb6 {[%clk 0:01:11]} Bc7 {[%clk 0:01:12]}
40. Rxe6 {[%clk 0:01:34]} Kf7 {[%clk 0:01:39]} 41. Rxb8 {[%clk 0:00:44]} Bxb8
{[%clk 0:01:31]} 42. Rxe3 {[%clk 0:26:30]} Ba7 {[%clk 0:32:09]} 43. Kf1 {[%clk
0:26:52]} Rb4 {[%clk 0:32:04]} 44. Re2 {[%clk 0:25:49]} Rxb7 {[%clk 0:31:59]}
45. Nf3 {[%clk 0:25:00]} Kg6 {[%clk 0:28:55]} 46. Kg2 {[%clk 0:23:39]} Kf5
{[%clk 0:25:37]} 47. Nh4+ {[%clk 0:22:06]} Kg4 {[%clk 0:24:32]} 48. h3+ {[%clk
0:21:35]} Kg5 {[%clk 0:24:02]} 49. Nf3+ {[%clk 0:17:18]} Kh6 {[%clk 0:24:15]}
50. h4 {[%clk 0:16:57]} Kg6 {[%clk 0:21:52]} 51. Kh3 {[%clk 0:14:10]} Rb3
{[%clk 0:20:41]} 52. Kg2 {[%clk 0:13:30]} h5 {[%clk 0:19:35]} 53. Rd2 {[%clk
0:12:10]} Be3 {[%clk 0:18:36]} 54. Re2 {[%clk 0:10:59]} Kf5 {[%clk 0:16:46]}
55. Nd2 {[%clk 0:10:29]} Rd3 {[%clk 0:15:50]} 56. Nf1 {[%clk 0:10:01]} Bc5
{[%clk 0:15:06]} 57. Kh3 {[%clk 0:08:22]} g5 {[%clk 0:11:55]} 58. hxg5 {[%clk
0:03:17]} Kxg5 {[%clk 0:10:24]} 59. Nd2 {[%clk 0:03:26]} f5 60. Kg2 {[%clk
0:03:16]} Kg4 {[%clk 0:06:07]} 61. Nf1 {[%clk 0:03:14]} h4 {[%clk 0:04:54]} 62.
gxh4 {[%clk 0:03:26]} Rc3 {[%clk 0:04:34]} 63. h5 {[%clk 0:02:30]} Kxh5 {[%clk
0:03:51]} 64. Nh2 {[%clk 0:02:05]} Kg5 {[%clk 0:03:27]} 65. Nf3+ {[%clk
0:01:42]} Kf4 {[%clk 0:03:27]} 66. Nd2 {[%clk 0:01:08]} Rg3+ {[%clk 0:03:44]}
67. Kh2 {[%clk 0:01:23]} Kg4 {[%clk 0:02:07]} 68. Nf1 {[%clk 0:01:28]} Rh3+
{[%clk 0:01:54]} 69. Kg2 {[%clk 0:01:53]} Kh4 {[%clk 0:01:36]} 70. Re5 {[%clk
0:01:55]} Rc3 {[%clk 0:01:20]} 71. Rxf5 {[%clk 0:01:41]} Kg4 {[%clk 0:01:21]}
72. Rd5 {[%clk 0:01:54]} 1/2-1/2

[Event "DVM U20w 2018"]
[Site "Osnabrück GER"]
[Date "2018.12.27"]
[Round "1"]
[White "Greßmann, Hanna"]
[Black "Oberhofer, Marie"]
[Result "1-0"]
[Termination "normal"]
[Board "2.3"]
[WhiteElo "1839"]
[BlackElo "1731"]
[WhiteClock "00:13:52"]
[BlackClock "00:00:36"]
[WhiteTeam "TuRa Harksheide von 1945 Norderstedt"]
[BlackTeam "SC Bavaria Regensburg"]
[PlyCount "111"]
[WhiteFideId "12930709"]
[BlackFideId "12938165"]
[EventCountry "GER"]
[EventRounds "7"]
[EventType "team-swiss"]
[EventDate "2018.12.26"]

1. e4 {[%clk 1:30:57]} c5 {[%clk 1:30:52]} 2. Nc3 {[%clk 1:31:21]} Nc6 {[%clk
1:31:17]} 3. g3 {[%clk 1:31:38]} g6 {[%clk 1:31:40]} 4. Bg2 {[%clk 1:31:58]}
Bg7 {[%clk 1:32:03]} 5. d3 {[%clk 1:32:16]} d6 {[%clk 1:32:13]} 6. f4 {[%clk
1:32:26]} e6 {[%clk 1:32:28]} 7. Nf3 {[%clk 1:32:39]} Nge7 {[%clk 1:32:25]} 8.
O-O {[%clk 1:32:43]} O-O {[%clk 1:31:47]} 9. Be3 {[%clk 1:32:52]} b6 {[%clk
1:31:20]} 10. e5 {[%clk 1:20:26]} d5 {[%clk 1:26:52]} 11. Bf2 {[%clk 1:14:54]}
f6 {[%clk 1:16:10]} 12. exf6 {[%clk 1:09:30]} Bxf6 {[%clk 1:16:13]} 13. Re1
{[%clk 1:04:17]} Nf5 {[%clk 1:09:05]} 14. Qd2 {[%clk 0:54:59]} Nfd4 {[%clk
0:57:51]} 15. Nd1 {[%clk 0:48:36]} Nxf3+ {[%clk 0:44:42]} 16. Bxf3 {[%clk
0:48:58]} e5 {[%clk 0:34:20]} 17. c4 {[%clk 0:36:53]} Be6 {[%clk 0:29:54]} 18.
Nc3 {[%clk 0:34:22]} e4 {[%clk 0:28:05]} 19. dxe4 {[%clk 0:29:34]} Nd4 {[%clk
0:26:54]} 20. Bxd4 Bxd4+ {[%clk 0:27:16]} 21. Kh1 {[%clk 0:24:49]} dxe4 {[%clk
0:15:30]} 22. Bxe4 {[%clk 0:23:11]} Bg4 {[%clk 0:09:24]} 23. Nb5 {[%clk
0:20:02]} Bg7 {[%clk 0:04:27]} 24. Qg2 {[%clk 0:13:40]} Rc8 {[%clk 0:03:10]}
25. h3 {[%clk 0:10:32]} Bd7 {[%clk 0:02:31]} 26. Rad1 {[%clk 0:08:45]} a6
{[%clk 0:02:00]} 27. Nd6 {[%clk 0:08:39]} Rc7 {[%clk 0:02:21]} 28. Bd5+ {[%clk
0:08:25]} Kh8 {[%clk 0:02:29]} 29. Nf7+ {[%clk 0:08:09]} Rxf7 {[%clk 0:02:51]}
30. Bxf7 {[%clk 0:08:35]} Qc8 {[%clk 0:02:20]} 31. Bd5 {[%clk 0:02:37]} Bd4
{[%clk 0:01:29]} 32. Kh2 {[%clk 0:02:32]} Qf8 {[%clk 0:00:59]} 33. b3 {[%clk
0:02:20]} Qg7 {[%clk 0:00:46]} 34. Re2 {[%clk 0:01:30]} Rc8 {[%clk 0:01:01]}
35. Rf1 {[%clk 0:01:01]} Rf8 {[%clk 0:01:16]} 36. Be4 {[%clk 0:01:20]} Qh6
{[%clk 0:00:51]} 37. Bd5 {[%clk 0:01:19]} Qg7 {[%clk 0:00:58]} 38. Be6 {[%clk
0:01:29]} Be8 {[%clk 0:00:38]} 39. Qd5 {[%clk 0:01:17]} Qf6 {[%clk 0:00:49]}
40. Rd1 {[%clk 0:01:14]} b5 {[%clk 0:00:40]} 41. b4 {[%clk 0:26:15]} bxc4
{[%clk 0:25:11]} 42. bxc5 {[%clk 0:24:15]} Bc3 {[%clk 0:21:28]} 43. c6 {[%clk
0:23:56]} Qg7 {[%clk 0:18:43]} 44. Qxc4 {[%clk 0:23:33]} Ba5 {[%clk 0:18:29]}
45. Bd7 Bf7 {[%clk 0:14:09]} 46. Qxa6 {[%clk 0:19:05]} Qc3 {[%clk 0:12:59]} 47.
Qb7 {[%clk 0:18:11]} Bc4 {[%clk 0:06:59]} 48. Rg2 {[%clk 0:17:58]} Qf3 {[%clk
0:05:16]} 49. Bg4 {[%clk 0:17:43]} Qe4 {[%clk 0:04:21]} 50. Rd7 {[%clk
0:15:45]} Bc3 {[%clk 0:01:51]} 51. Rxh7+ {[%clk 0:15:32]} Kg8 {[%clk 0:02:06]}
52. Re7 {[%clk 0:14:28]} Qd4 53. Be6+ {[%clk 0:13:38]} Bxe6 {[%clk 0:01:12]}
54. Rxe6 {[%clk 0:14:01]} Qd3 {[%clk 0:01:01]} 55. c7 {[%clk 0:13:52]} Bd4
{[%clk 0:00:36]} 56. c8=Q 1-0